000 00243nam a2200097Ia 4500
001 798663
005 20250826170832.0
008 250824s9999 xx 000 0 und d
245 0 _aŞARKIN KANDİLİ
_cNUREDDİN ZENGİ
260 _bKETEBE YAYINLARI
999 _c798663
_d798663